000 01145nac a22003011u 4500
999 _c3409
_d3409
003 EG-ScBUE
005 20200106133755.0
008 100922s2006 nyu f b 001 0 eng d
020 _a0415338484
020 _a9780415338486
040 _aEG-ScBUE
_beng
_erda
_cEG-ScBUE
_dEG-ScBUE
082 0 4 _a801.950922
_bLAN
_222
100 1 _aLane, Richard J,‏
_d1966-
_eauthor.
_919727
245 1 0 _aFifty key literary theorists /
_cRichard J. Lane.
264 1 _aNew York ;
_aLondon :
_bRoutledge, Taylor and Francis Group,
_c2006.
300 _aviii, 268 pages ;
_c21 cm.
336 _2rdacontent
_atext
_btxt
337 _2rdamedia
_aunmediated
_bn
338 _2rdacarrier
_avolume
_bnc
490 0 _aRoutledge key guides
504 _aIncludes bibliographical references and index.
650 7 _aCriticism
_xHistory
_y20th century.
_2BUEsh
_919729
653 _bHHUUEENN
_cJanuary2020
655 _vReading book
856 4 1 _3Table of contents only
_uhttp://www.loc.gov/catdir/toc/ecip067/2006003837.html
856 4 1 _3Publisher description
_uhttp://www.loc.gov/catdir/enhancements/fy0654/2006003837-d.html
942 _cBB
_k801.950922LAN
_2ddc